| 000 | 00656nam a2200193Ia 4500 | ||
|---|---|---|---|
| 003 | GCL | ||
| 008 | 140319s9999 xx 000 0 ara d | ||
| 040 |
_aGCL / _cGCL |
||
| 082 | 0 | 4 |
_a350.754 _bم ا |
| 100 | 1 | _aمحمد رشاد الحملاوى | |
| 245 | 1 | 0 |
_aالازمات والكوارث فى مصر المحروسة : _b(تقرير عام1998) / _cمحمد رشاد الحملاوى |
| 260 |
_aالقاهرة : _bوحدة بحوث الازمات ، _c1998 |
||
| 300 |
_a177 ص ؛ _c24 سم |
||
| 650 | 0 | 4 | _aمصر |
| 650 | 0 | 4 | _aالادارة |
| 650 | 0 | 4 | _aالكوارث، ادارة |
| 650 | 0 | 4 | _aالازمات - ادارة |
| 942 |
_2ddc _cBK |
||
| 999 |
_c9880 _d9880 |
||